000 00651nam a2200217Ii 4500
003 JO-AjNU
008 230605s9999||||xx |||||||||||||| ||und||
017 _a2011/3/946
040 _aJO-AjNU
_bara
_erda
_cJO-AjNU
041 _aara
050 1 4 _aPJ7862 2014
100 3 _aالشلبي، إيهاب,
_eauthor
_950247
245 0 0 _aمبتردا بناري: شعر
250 _aط1
264 3 1 _aعمان: المؤلف، 2014
300 _a138ص
336 _atext
_btxt
_2rdacontent
337 _aunmediated
_bn
_2rdamedia
338 _avolume
_bnc
_2rdacarrier
650 4 _aالعصر الحديث - الشعر العربي الحديث
_950248
999 _aA22122
_c25690
_d25690